[Event "Eurotel Trophy"]
[Site "Prague"]
[Date "2002.04.30"]
[Round "2.2"]
[White "Gelfand, Boris"]
[Black "Ivanchuk, Vassily"]
[Result "1/2-1/2"]
[WhiteElo "2707"]
[BlackElo "2711"]
[Annotator "Huebner,R"]
[PlyCount "85"]
[EventDate "2002.04.28"]
[EventType "k.o. (rapid)"]
[EventRounds "5"]
[EventCountry "CZE"]
[SourceTitle "CBM 089"]
[Source "ChessBase"]
[SourceDate "2002.08.12"]
[SourceVersion "1"]
[SourceVersionDate "2002.08.12"]
[SourceQuality "1"]

1. d4 d5 2. c4 c6 3. Nc3 Nf6 4. Nf3 dxc4 5. a4 Bf5 6. Ne5 Nbd7 7. Nxc4 Nb6 8.
Ne5 (8. e3 e6 9. a5 Nxc4 10. Bxc4 Bd6 11. Be2 Qc7 (11... a6 12. Bf3 e5 13. e4
Be6 14. Be3 Qe7 15. O-O O-O 16. Qe2 Rad8 17. d5 {Smejkal,J-Hort,V/BL/1984/1/
2-1/2}) 12. h3 O-O 13. O-O e5 $10 {Portisch,F-Weinzettl,E/Wien op/1986/}) 8...
a5 (8... e6 9. f3 (9. e3 Bd6 (9... Bb4 10. Nd3 (10. Bd2 Nfd7 11. Nd3 Be7 12. e4
Bg6 13. Nf4 e5 14. Nxg6 hxg6 $10 {Razuvaev,Y-Chernin,A/USSR/1985/}) 10... Be7
11. f3 Bg6 12. Be2 O-O 13. O-O Bxd3 14. Bxd3 c5 $10 {Ftacnik,L-Meduna,E/Praha/
1989/}) (9... Nbd7 10. Nd3 Bd6 11. Qb3 Qb6 $10 {Pekarek,A-Meduna,E/Prag chip/
1992/}) 10. Be2 O-O 11. O-O c5 12. a5 cxd4 13. exd4 Nbd5 $10 {Stempin,P-Meduna,
E/Haifa EU-chT/1989/}) (9. Bg5 Be7 (9... h6 10. Bh4 c5 11. a5 cxd4 12. axb6
dxc3 13. Qa4+ Ke7 14. Rd1 $18 {Malanjuk-Meduna/Forli op/1990/}) 10. e3 O-O 11.
Bd3 Nfd7 12. Bxe7 Qxe7 13. Bxf5 exf5 14. Nd3 c5 15. O-O cxd4 16. exd4 $14 {
Georgiev,Kir-Ninov,K/Stara Zagora zt/1990/}) 9... Nfd7 (9... Bb4 10. e4 (10. a5
Nbd5 11. Bd2 Nxc3 12. Bxc3 Nd5 13. Qb3 Qh4+ 14. g3 Qxd4 $17 {Rossiter,
P-Botterill,G/ch-GB/1987/}) 10... Bxe4 (10... Bg6 11. Be3 $16 {Gelfand,
B-Drasko,M/Tallinn/1989/}) 11. fxe4 Nxe4 12. Qd3 Nd5 13. Bd2 Nxd2 14. Qxd2 O-O
15. Be2 c5 16. O-O Rc8 {0,5/Chabanon,JL-Kirov,N/France-Bulgaria/1990/}) (9...
Nbd7 10. e4 Bg6 11. Nc4 Bb4 12. Bg5 Be7 13. Be3 O-O 14. Be2 $14 {Komljenovic,
D-Velikov,P/Torcy op/1991/}) 10. a5 Nxe5 11. axb6 Nd7 12. e4 Bg6 13. Rxa7 Nxb6
14. Rxa8 {0,5/Sosonko,G-Hort,V/BL/1981/} (14. Rxb7 Ra1 15. Kf2 Bd6 16. Qb3 Rxc1
17. Qxb6 O-O $15 {Lutz,C-Meduna,E/Porz/1988/})) (8... g6 9. f3 Nbd7 10. e4 $16
{Petran,P-Hardicsay,P/Elekes Budapest/1992/}) 9. g3 (9. f3 Nfd7 10. Nxd7 Nxd7
11. e4 Bg6 12. d5 e5 13. dxe6 fxe6 14. Qb3 (14. Be3 Bc5 15. Bxc5 Nxc5 16. Bc4
Qxd1+ 17. Kxd1 $14 {Miles,A-Kirov,N/Capelle la Grande/1994/}) 14... Nc5 15. Qc2
$14 {Kozul,Z-Kirov/Novi Sad/1990/}) 9... e6 10. Bg2 Bb4 11. O-O O-O 12. e3 (12.
e4 $2 Bxc3 $17) 12... h6 13. Qe2 Bh7 14. Rd1 Qe7 (14... Nfd7 {, was in der
Vorgängerpartie gespielt wurde, gefällt mir besser:} 15. Nd3 Qe7 (15... Be7 16.
e4 $14) (15... Bxd3 $11) 16. e4 e5 (16... Rfd8 17. Bf4 $14) 17. d5 (17. dxe5
Nxe5 18. Nxe5 Qxe5 19. Bf4 Qe6 $15) 17... Rfd8 (17... Bxc3 18. bxc3 {/\Ba3})
18. Be3 Bxc3 19. bxc3 cxd5 20. exd5 Nc4 $2 (20... Rac8 $11) 21. Bxh6 gxh6 22.
Qg4+ Qg5 23. Qxc4 Rac8 24. Qb5 (24. Qb3 $2 Bxd3 25. Rxd3 Nc5) 24... Rxc3 25.
Ne1 $2 (25. f4 exf4 (25... Bxd3 $2 26. Rxd3 $18) 26. Nxf4 $16) 25... b6 $11 {
1/2-1/2 Kramnik,V-Short,N/Novgorod 1994/CBM 43/[Hansen,Cu] (46). (46)}) 15. e4
Rfd8 16. Bf4 Rac8 17. Nd3 Nfd7 18. Nxb4 axb4 (18... Qxb4 $14 {ist solider.})
19. a5 bxc3 20. axb6 Nxb6 ({Nach} 20... cxb2 21. Qxb2 Nf6 22. f3 (22. Bc7 Bxe4)
22... Bg6 (22... Ne8 23. Ra7) 23. Bc7 {hat Weiß klaren Vorteil.}) 21. bxc3 Ra8
22. Be3 Na4 23. Qc2 b5 24. c4 Qb4 25. cxb5 cxb5 26. Rdc1 Bg6 27. Bf1 $6 (27.
Rab1 Qa5 28. Qb3 $16) 27... Rac8 (27... e5 {führt zum Ausgleich:} 28. Rab1 Qc3
{usw.}) 28. Qxc8 Rxc8 29. Rxc8+ Kh7 30. Bd3 (30. Rb8 Qc3 (30... Nc3 {dürfte
zum Verlust führen:} 31. f3 Qb2 32. Raa8 Bxe4 33. fxe4 Nd1 34. h4) 31. Rc1 Qa3
32. Rxb5 Nc3 33. Rb7 Nxe4 {ergibt Ausgleich.}) 30... Nc3 31. f3 Nd5 32. Bf2 Nb6
33. Rcc1 Nc4 34. Kg2 f5 $11 35. exf5 Bxf5 36. Bxf5+ exf5 37. Rd1 Qb2 38. d5
Ne3+ 39. Kg1 Nxd1 40. Rxd1 Qe2 41. Rd4 b4 42. Rxb4 Qd1+ 43. Kg2 1/2-1/2

[Event "Eurotel Trophy"]
[Site "Prague"]
[Date "2002.05.01"]
[Round "3.1"]
[White "Kasparov, Garry"]
[Black "Ivanchuk, Vassily"]
[Result "1/2-1/2"]
[WhiteElo "2838"]
[BlackElo "2711"]
[Annotator "Tsesarsky,I"]
[PlyCount "72"]
[EventDate "2002.04.28"]
[EventType "k.o. (rapid)"]
[EventRounds "5"]
[EventCountry "CZE"]
[SourceTitle "CBM 089"]
[Source "ChessBase"]
[SourceDate "2002.08.12"]
[SourceVersion "1"]
[SourceVersionDate "2002.08.12"]
[SourceQuality "1"]

1. e4 c5 2. Nf3 Nc6 3. Nc3 g6 4. d4 cxd4 5. Nxd4 Bg7 6. Be3 Nf6 7. Nxc6 {
According to modern opening theory, this variation shouldn't promise to White
any advantage, but Kasparov has his own opinion...} bxc6 8. e5 Ng8 9. f4 f6 10.
Bd4 Qa5 11. Qd2 {This continuation leads to P sacrifice and very rich activity
of White.} (11. Qe2 fxe5 12. Bxe5 Nf6 (12... Bxe5 13. Qxe5 Qxe5+ 14. fxe5 Nh6
15. O-O-O Rf8 16. Re1 Bb7 17. Ne4 O-O-O 18. Nc5 $14 {1-0 Radulski,J-Tsvetkov,I/
Tsarevo BUL 2001/The Week in Chess (53)}) 13. Qc4 (13. O-O-O O-O 14. Bd4 d5 {
[%cal Gc8g4]} (14... Rf7 15. Qe3 Rb8 $132) 15. Qe1 (15. Qxe7 $2 Bg4 16. Rd3
Rae8 17. Qxa7 Re1+ 18. Kd2 (18. Nd1 Qxa7 19. Bxa7 Ne4 $17) 18... Rd1+ 19. Ke3
Re8+ 20. Kf2 Ne4+ 21. Kg1 Bxd4+ 22. Qxd4 Nxc3 23. bxc3 Rde1 $17) 15... Rb8 16.
a3 Rb7 17. Nb1 Qxe1 18. Rxe1 Bh6 19. g3 $14 {1-0 Kovchan,A-Vokarev,S/Swidnica
1999/EXT 2000 (53)}) 13... Qb6 14. O-O-O d5 15. Qa4 O-O 16. Bd4 Qc7 17. Be5 Qb6
18. Bd4 Qc7 19. g3 Bg4 20. Rd2 Bf3 21. Bg2 Bxg2 22. Rxg2 e6 {[%cal Gc6c5]} 23.
Qa3 Rac8 {[%csl Rc5][%cal Gc6c5]} 24. Re1 c5 $11 {1/2-1/2 Ulibin,M-Serper,G/
Tbilisi 1989/CBM 12 (27)}) (11. exf6 Nxf6 12. Bc4 d5 13. Bd3 Rb8 14. Qd2 O-O
15. Ne2 Qxd2+ 16. Kxd2 Nd7 17. Bxg7 Kxg7 18. Nd4 Rf6 19. Rae1 Kf7 20. b3 c5 21.
Nf3 Rxf4 22. Ng5+ Ke8 23. Nxh7 Rb6 24. g3 $11 {1-0 Tseitlin,M-Mikac,M/Ostrava
1991/CBM 26 (51)}) 11... fxe5 (11... Nh6 12. exf6 exf6 13. Bc4 d5 14. O-O-O
dxc4 (14... Be6 15. Rhe1 Kf7 16. Rxe6 $1 $18 {1-0 Kovalev,A-Roizman,A/Minsk
1981/MCD (21)}) 15. Qe2+ Kf7 16. Rhe1 Qb4 17. a3 Qd6 18. g3 $13 {[%csl Rc4]
[%cal Gc3e4,Ge2c4]}) (11... c5 12. Be3 Rb8 13. Bc4 Nh6 14. Nd5 (14. O-O Ng4
$132 {0-1 Pieri,F-Eberlein,W/Metz 1990/EXT 99 (24)}) 14... Qxd2+ 15. Kxd2 fxe5
16. fxe5 Ng4 17. Bxc5 Nxe5 18. Bb3 $16) 12. fxe5 c5 (12... Bxe5 13. O-O-O Nf6
14. Re1 Bxd4 15. Qxd4 O-O 16. Rxe7 Qg5+ 17. Kb1 d5 18. Bd3 $14 {1/2-1/2
Varavin,V-Khasin,A/Elista 1994/CBM 44 (47)}) 13. Be3 (13. Bf2 Bxe5 14. Bc4 Rb8
15. Bg3 Bxg3+ 16. hxg3 Nf6 17. O-O Ba6 18. Qf4 Rb4 19. Rae1 Kd8 20. Rxe7 $1 $16
{1-0 Mansurov,V-Ponomariov,B/Yalta 1995/EXT 97 (55)}) 13... Bxe5 14. Bc4 Nf6
15. O-O Ba6 $1 $146 {[%mdl 4] Novelty. Black decided to simplify position even
with giving back a P...} ({In a couple of games played with this variation was
} 15... Bb7 16. Rae1 (16. Bf4 $6 Bd4+ 17. Kh1 Ba6 $44 {1/2-1/2 Haag,E-Hennings,
A/Zinnowitz 1966/EXT 2000 (24)}) 16... O-O-O 17. Nd5 (17. Qe2 $2 d5 $19 {
0-1 Pieri,F-Nielsen,P/Forli 1992/TD (29)}) 17... Qxd2 18. Nxe7+ Kb8 19. Bxd2
Ne4 (19... Ng4 20. h3 Bd4+ 21. Kh1 Ne5 22. Bb5 Rde8 (22... Bxb2 23. Rb1 Rde8
24. Rxb2 Rxe7 25. Ba6 d5 26. Rfb1 $18 {[%csl Rb7]}) 23. c3 Rxe7 24. cxd4 cxd4
25. Bb4 $16 {1-0 Sikorova,O-Slepankova,R/Ostrava 1997/EXT 98 (43)}) 20. Bf4
Bxf4 21. Rxf4 Nd6 22. Bd5 $14 {1-0 Sikora,J-Kutynec,V/Prerov 1995/EXT 97 (62)})
16. Bxa6 Qxa6 17. Bxc5 d6 (17... Qc4 18. Be3 $44) 18. Rae1 ({Or} 18. Bd4 Bxd4+
19. Qxd4 Qb6 $11) 18... O-O 19. Bd4 Bxd4+ 20. Qxd4 {[%csl Re7][%cal Ge1e7]} e5
21. Qd3 {This QQ exchange is equivalent to draw offer...} (21. Qd2 $6 Qb6+ 22.
Kh1 Qxb2 23. Rb1 Qa3 $15) 21... Qxd3 (21... Qb6+ 22. Kh1 Qxb2 23. Nd5 $44) 22.
cxd3 {It was possible to agree for draw here...} Rab8 23. b3 Kg7 24. Rc1 Rfc8
25. h3 (25. Ne4 $11) 25... a5 26. g4 h6 27. Kg2 (27. Kf2 d5 28. Ke2 d4 29. Ne4
Nxe4 30. dxe4 $11) 27... Rxc3 {Elegant exchange combination...} (27... d5 $132)
28. Rxc3 Nd5 29. Rc6 Ne3+ 30. Kf2 Nxf1 31. Kxf1 a4 32. bxa4 Rb1+ 33. Ke2 Rb2+
34. Ke3 Rxa2 35. Rxd6 Rxa4 36. Re6 Ra2 1/2-1/2

[Event "Eurotel Trophy"]
[Site "Prague"]
[Date "2002.05.01"]
[Round "3.2"]
[White "Ivanchuk, Vassily"]
[Black "Kasparov, Garry"]
[Result "1/2-1/2"]
[WhiteElo "2711"]
[BlackElo "2838"]
[Annotator "Ftacnik,L"]
[PlyCount "128"]
[EventDate "2002.04.28"]
[EventType "k.o. (rapid)"]
[EventRounds "5"]
[EventCountry "CZE"]
[SourceTitle "CBM 089"]
[Source "ChessBase"]
[SourceDate "2002.08.12"]
[SourceVersion "1"]
[SourceVersionDate "2002.08.12"]
[SourceQuality "1"]

1. d4 {Huebner} d5 2. c4 c6 3. Nf3 Nf6 4. Nc3 a6 5. e3 b5 6. b3 Bf5 7. Ne5 e6
8. Bd2 (8. g4 {Huebner} Bg6 9. h4 Ne4 10. Nxe4 Bxe4 11. f3 f6 12. Nd3 Bg6 13.
h5 Bf7 14. c5 Nd7 15. Bb2 Qc7 16. f4 $14 {1/2-1/2 Huzman,A-Bareev,E/Haifa 2000/
CBM 74 ext (38). (38)}) 8... Nfd7 9. Nd3 $5 {Quite naturally white is not
striving to hop around the board with his knight, but the swap on d7 was not
promising any advantage.} Be7 (9... bxc4 10. bxc4 dxc4 11. Nb2 c5 12. Qf3 Ra7
13. Nxc4 cxd4 14. exd4 Nf6 15. Ne3 Bg6 16. d5 $13) (9... Ba3 $5 {(Huebner)
kommt in Betracht.}) 10. Be2 {Huebner: 'Nach der nun folgenden Abwicklung
entsteht eine ausgeglichene, remisträchtige Stellung.'} dxc4 11. bxc4 Bxd3 (
11... bxc4 12. Nb2 c5 13. Bf3 Ra7 14. Nxc4 cxd4 15. exd4 Nf6 16. Bf4 O-O $11)
12. Bxd3 Ne5 13. Be2 (13. dxe5 Qxd3 14. cxb5 axb5 $15) 13... Nxc4 14. Bxc4 bxc4
15. Qa4 O-O (15... e5 $5 16. Qxc4 (16. dxe5 Qd3 17. Rd1 O-O $13) 16... exd4 17.
exd4 O-O 18. O-O $11) 16. Qxc4 c5 17. d5 (17. dxc5 Nd7 18. Ne4 Rc8 19. Qxa6
Nxc5 20. Nxc5 Rxc5 $11) 17... Nd7 $5 {Kasparov with his exceptional feeling
for the initiative has spotted the chance to enliven the game.} (17... exd5 18.
Nxd5 Nc6 19. Bc3 $14) 18. dxe6 Ne5 19. exf7+ (19. Qd5 Nd3+ 20. Ke2 Nxf2 21.
Rhf1 fxe6 22. Qxe6+ Kh8 23. Nd5 Bf6 24. Rab1 Re8 25. Qf7 Ne4 $15) 19... Rxf7
20. Qd5 (20. Qe6 Nd3+ 21. Ke2 Nxf2 22. Rhf1 Qd3+ 23. Ke1 Kf8 24. Rxf2 Rxf2 25.
Kxf2 Qxd2+ 26. Kg1 $11) 20... Nd3+ 21. Ke2 Nxf2 22. Rhf1 Qxd5 (22... Bh4 23.
Rac1 (23. Qc4 Qg5 24. g3 Qf5 $1 25. gxh4 $2 Rd8 $19) 23... Qxd5 24. Nxd5 $14)
23. Nxd5 Ne4 24. Rxf7 Kxf7 25. Rf1+ Bf6 (25... Nf6 26. Bc3 Rc8 $11) 26. Ba5 Rb8
(26... Re8 27. Kd3 Re5 28. Nxf6 gxf6 $11) 27. Kd3 Nd6 (27... Re8 28. Rf4 Nd6
29. Bc3 c4+ 30. Kc2 Re6 31. g4 $14) 28. Bc3 {The defender is fighting with
some difficulties, but with good pieces he should manage to overcome the
problems.} (28. Bc7 $6 c4+ 29. Ke2 Rb2+ 30. Kf3 Be5 $15) (28. Nxf6 gxf6 29. Bc7
Rg8 30. Bxd6 Rd8 31. g4 (31. Kc4 Rxd6 32. Kxc5 Rd2 33. a4 Rxg2 34. Kb6 Rxh2 35.
Kxa6 $11) 31... Rxd6+ 32. Kc4 Kg6 33. Kxc5 Rd2 34. a4 Rxh2 35. Kb6 Rg2 36. Kxa6
Rxg4 37. a5 Rg3 $11) 28... c4+ 29. Kc2 Ne4 30. Bxf6 (30. g4 Kg6 31. Bxf6 Nxf6
32. Nxf6 gxf6 33. Rf4 Re8 34. Rxc4 Rxe3 $11) 30... gxf6 31. Rf4 (31. g4 Rb5 32.
Rf4 Rxd5 33. Rxe4 Ra5 $11) 31... Ke6 32. Rxe4+ (32. Nc3 Nd6 33. Ne4 Nxe4 34.
Rxe4+ Kd5) 32... Kxd5 33. Rd4+ (33. Rf4 Rg8 34. g3 Re8 35. Rxf6 Rxe3 $11) 33...
Kc5 34. Kc3 Rb4 $1 {[%mdl 4096] All the rook endgames are drawn, but sometimes
it is necessary to play few good moves. Kasparov is focusing on the
counterplay via a2 square.} 35. Rf4 (35. e4 Ra4 36. Rd5+ Kc6 37. Rf5 Rxa2 38.
Rxf6+ Kc5 39. Rf5+ Kd6 40. Rg5 h6 41. Rh5 Rxg2 42. Kxc4 Rg6 $11) 35... Ra4 36.
Rf5+ (36. Rxf6 Ra3+ $1 37. Kb2 Rxe3 38. Rxa6 Re2+ 39. Kc3 Rxg2 $11) 36... Kd6
37. Rxf6+ Ke5 38. Rh6 Rxa2 39. g4 Ra3+ 40. Kxc4 (40. Kd2 Ra2+ 41. Kc1 Rg2 $11)
40... Rxe3 41. h3 (41. Rxh7 Re4+ $11) 41... Rg3 42. Rxh7 (42. Kb4 Kf4 43. Rh5
Rg1 $14) 42... Kf6 {Huebner: 'Es ist für Schwarz nicht besonders schwierig,
das Enspiel zu halten; der a-Bauer hindert den König des Weißen daran, zum
Königsflügel zu gelangen.'  The model situation, since white has great
problems to get the static structure h3-g4 moving due to the concentrated
defense of black's king and his rook.} 43. Kb4 (43. Kd4 Kg6 (43... a5 44. Ke4
a4 45. Kf4 Rb3 46. g5+ Kg6 47. Rh6+ Kg7 48. h4 $16) 44. Rh5 a5 45. Ke4 a4 46.
Kf4 Rb3 $14) 43... Kg6 44. Rh8 Kg7 45. Rh5 Kg6 46. Ka5 (46. Kc4 a5 47. Kb5 Ra3
$14) 46... Ra3+ 47. Kb4 Rg3 48. Ka5 Ra3+ 49. Kb6 Kg7 50. Rg5+ Kh6 51. h4 (51.
Rg8 Kh7 $11) 51... Ra4 $1 52. Kb7 Ra3 53. Rh5+ Kg6 54. Rc5 Rg3 (54... Ra4 55.
h5+ Kh6 56. Rc6+ Kh7 57. g5 Ra5 58. Rc7+ Kg8 59. Rc8+ Kg7 60. h6+ $18) 55. h5+
(55. Rg5+ Kh6 56. Kxa6 Rb3 $1 $11) 55... Kh6 56. Rc6+ Kh7 (56... Kg5 $2 57.
Rg6+ Kf4 58. Kxa6 $18) 57. Rc4 (57. Rg6 a5 $11) 57... Kh6 58. Kxa6 Kg5 59. Kb6
Rd3 60. Kc7 Rd1 61. Kc8 Rd2 62. Rc7 Kxg4 63. h6 Rh2 64. h7 Kg5 1/2-1/2

[Event "Eurotel Trophy"]
[Site "Prague"]
[Date "2002.05.01"]
[Round "3.4"]
[White "Kasparov, Garry"]
[Black "Ivanchuk, Vassily"]
[Result "1/2-1/2"]
[WhiteElo "2838"]
[BlackElo "2711"]
[Annotator "Wedberg,T"]
[PlyCount "89"]
[EventDate "2002.04.28"]
[EventType "k.o. (rapid)"]
[EventRounds "5"]
[EventCountry "CZE"]
[SourceTitle "CBM 089"]
[Source "ChessBase"]
[SourceDate "2002.08.12"]
[SourceVersion "1"]
[SourceVersionDate "2002.08.12"]
[SourceQuality "1"]

1. e4 e5 2. Nf3 Nc6 3. Bb5 a6 4. Ba4 Nf6 5. O-O Be7 6. Re1 b5 7. Bb3 d6 8. c3
O-O 9. h3 Na5 10. Bc2 c5 11. d4 Qc7 12. d5 {Not the main line, but Kasparov
has played this way before. White secures a closed position and avoids a lot
of sharp lines.} Nc4 (12... c4 13. Nbd2 Nb7 14. Nf1 Nc5 {is another way.
Antunes,A-Sisniega,M/Novi Sad ol/1990 (21)}) (12... Ne8 13. b3 Nb7 14. Nbd2 g6
15. a4 Rb8 16. axb5 axb5 17. Nf1 Ng7 18. Bh6 Nd8 19. b4 f6 20. Ra3 Nf7 {
is an example of how Black can play his N:s in the closed spanish./Sion Castro,
M-Beliavsky,A/Leon/1994/ (23)}) 13. a4 Bd7 14. b3 Nb6 15. a5 Nc8 16. b4 {
White's plan is to close the Q-side and then to attack the K. White's main
trump is his mobility due to more space.} ({For} 16. Nbd2 {see 0-1 Short,
N-Bareev,E/Dortmund 1995/CBM 48/[Bareev] (41)}) 16... c4 {Ivanchuk accepts a
completely closed Q-side. A slightly surprising strategy.} (16... cxb4 {
waiting with this decision would be better, but in 85 the computers were no
match for Kasparov.} 17. cxb4 Ne8 18. Nbd2 f5 19. exf5 Bxf5 20. Ne4 Bxh3 21.
gxh3 Rxf3 22. Qxf3 Qxc2 23. Qg4 $16 {1-0 Kasparov,G-Comp Super Constellation/
Hamburg 1985/EXT 2002 (40)}) 17. Nbd2 g6 18. Nf1 Nh5 19. Bh6 Re8 20. Qd2 Bf8
21. Ng3 $5 Nxg3 22. fxg3 Ne7 23. Rf1 f6 24. Rf2 Kh8 25. Be3 Bg7 26. g4 Rf8 27.
Raf1 $14 {White's advantage is indisputable. But how can he make progress?}
Rae8 28. Nh2 Qc8 29. Qe2 Ng8 30. Rf3 Qd8 31. R1f2 Bh6 32. Nf1 Bxe3 33. Qxe3 Qe7
34. Ng3 Bc8 35. Rf1 Kg7 36. R3f2 Nh6 37. Bd1 Qd8 38. Be2 Qe7 39. Qb6 Qd8 40.
Qa7+ Qe7 41. Qe3 Qd8 42. Kh1 Qe7 43. Qb6 Qd8 44. Qa7+ Qe7 45. Qe3 1/2-1/2

[Event "Eurotel Trophy"]
[Site "Prague"]
[Date "2002.05.01"]
[Round "3.5"]
[White "Kasparov, Garry"]
[Black "Ivanchuk, Vassily"]
[Result "0-1"]
[WhiteElo "2838"]
[BlackElo "2711"]
[Annotator "Wedberg,T"]
[PlyCount "72"]
[EventDate "2002.04.28"]
[EventType "k.o. (rapid)"]
[EventRounds "5"]
[EventCountry "CZE"]
[SourceTitle "CBM 089"]
[Source "ChessBase"]
[SourceDate "2002.08.12"]
[SourceVersion "1"]
[SourceVersionDate "2002.08.12"]
[SourceQuality "1"]

1. e4 e5 2. Nf3 Nc6 3. Bb5 a6 4. Ba4 Nf6 5. O-O Be7 6. Re1 b5 7. Bb3 d6 8. a4 {
Kasparov plays the anti-Marshall even when the gambit is out of the question.
But now Black gets to play Bg4.} Bg4 9. c3 O-O 10. h3 Bxf3 11. Qxf3 Na5 12. Bc2
b4 $5 {A typical P-sac in this line. White cannot take without losing his
structure completely. The move also hits towards the weak square b3 - one of
White's major problems in this a4-line.} (12... c5 13. d3 c4 14. Nd2 cxd3 15.
Qxd3 b4 $1 $132 {0-1 Lukin,A-Kholmov,R/Uzhgorod 1972/EXT 2001 (59)}) 13. d4 (
13. d3 {has also been played here, e.g.} Nd7 14. Nd2 Bg5 15. Nb3 Bxc1 16. Rexc1
bxc3 17. bxc3 c6 18. Rab1 Rb8 19. Nxa5 Qxa5 $11 {1/2-1/2 Nunn,J-Romanishin,O/
London 1984/MCL (33)}) ({For good resaons noone has tried} 13. cxb4 $6 Nc6 {
[%cal Yc6b4,Yc6d4] The white position is not beautiful.}) 13... c5 (13... Nd7
14. Nd2 Bf6 (14... Bg5 15. Nb3 Bxc1 16. Raxc1 Nxb3 17. Bxb3 Rb8 18. dxe5 Nxe5
19. Qe2 a5 20. f4 Ng6 21. g3 $13 {1-0 Strikovic,A-Romanishin,O/Belgrade 1988/
TD (41)}) 15. d5 Rb8 16. b3 c6 17. cxb4 Rxb4 18. Qc3 c5 19. Ba3 Rb8 20. b4 $36
{1-0 Hadzimanolis,A-Cela,A/Ikarios 1995/EXT 97 (46)}) 14. dxe5 dxe5 15. Nd2 Nd7
$146 {[%mdl 8]} (15... c4 16. Nf1 bxc3 17. Qxc3 Nc6 18. Qxc4 Rc8 19. Qd3 Nb4
20. Qxd8 Rfxd8 21. Bb1 Nc2 22. Bxc2 Rxc2 23. Ne3 Rc6 24. Nf5 $14 {1/2-1/2
Sutovsky,E-Gyimesi,Z/Medellin 1996/Juniors (47)}) 16. Bd3 Nb6 17. Bf1 c4 18.
Qg3 Qc7 19. Nf3 {White would like to organize some sort of attack on the black
K, but it seems that Black's play on the other side of the board has more
chances of success. The spanish B - so often the pride of White's position -
has fallen on hard times and is doing nothing at all from f1.} Rfe8 20. Bh6 Bf8
21. cxb4 Nb3 22. Ra3 $2 (22. Ra2 Re6 23. Be3 Bxb4 24. Rd1 Bc5 $13) 22... a5 $1
23. bxa5 Rxa5 24. Ra2 Rxa4 25. Rxa4 Nxa4 26. Nh4 $6 (26. Nd2 Nxd2 27. Bxd2 Nxb2
28. Rb1 Na4 29. Rc1 $11) 26... g6 27. Bxf8 Rxf8 28. Nf5 Nxb2 $17 29. Rb1 Na4
30. Bxc4 Qxc4 31. Rxb3 Qxe4 32. Rf3 Nc5 33. Qg5 f6 34. Ne7+ Kg7 35. Qc1 Ne6 36.
Ra3 $2 Nf4 $1 0-1

[Event "FIDE GP"]
[Site "Moscow"]
[Date "2002.06.01"]
[Round "1.1"]
[White "Ivanchuk, Vassily"]
[Black "Motylev, Alexander"]
[Result "1-0"]
[WhiteElo "2711"]
[BlackElo "2622"]
[Annotator "Huebner,R"]
[PlyCount "45"]
[EventDate "2002.06.01"]
[EventType "k.o. (rapid)"]
[EventRounds "5"]
[EventCountry "RUS"]
[SourceTitle "CBM 090"]
[Source "ChessBase"]
[SourceDate "2002.09.20"]
[SourceVersion "1"]
[SourceVersionDate "2002.09.20"]
[SourceQuality "1"]

1. d4 d5 2. c4 c6 3. Nf3 Nf6 4. Nc3 dxc4 5. a4 Bf5 6. e3 e6 7. Bxc4 Bb4 8. O-O
Nbd7 9. Qe2 Bg4 10. Rd1 Qa5 11. e4 O-O 12. h3 Bxf3 13. Qxf3 e5 14. d5 Nb6 15.
Bb3 Bxc3 16. bxc3 cxd5 17. exd5 Rac8 18. c4 Nxc4 19. Bg5 (19. d6 {führt zum
Remis nach} Nxd6 20. Rxd6 Qe1+ 21. Kh2 Rxc1 22. Bxf7+ (22. Rxc1 Qxc1 23. Qxb7
Qf4+ 24. Kg1 Ne4 $19) (22. Rxf6 gxf6 23. Qxf6 Qg1+ 24. Kg3 Rc3+ 25. f3 Qe3 $19
{0-1 Salnikov,A-Minasian,A/Omsk 1996/CBM 57/[Huebner,R] (55). (55)}) 22... Kxf7
(22... Kh8 23. Rxc1 Qxc1 24. Rxf6 {, und Weiß gewinnt.}) 23. Qb3+ Kg6 24. Qg3+
Kf7 25. Qb3+) 19... Qb6 $2 {Schwarz schenkt dem Gegner die Gelegenheit, mit
a4-a5 unter Zeitgewinn den Feld a4 für den Turm freizumachen; dies erweist
sich als entscheidend.} (19... e4 $5 {verdient Beachtung:} 20. Qf5 (20. Qg3
Nxd5 21. Bxc4 (21. Bh6 Qc3) (21. Rac1 Ndb6 22. Bf6 g6 $13) 21... Rxc4 22. Bh6
Qc3 23. Ra3 Qf6 24. Bxg7 Qxg7 25. Rxd5 $11) 20... Nd6 21. Qe5 Qd8 $11 {mit
Ausgleich.}) (19... Nd7 20. d6 $16 {Kasparov}) (19... Qa6 20. d6 (20. Bxc4 Rxc4
21. d6 Nd7 22. Be7 $13 {(Hertneck)}) 20... Nxd6 21. Bxf6 gxf6 22. Qxf6 Nc4 23.
Qxa6 bxa6 24. Rd7 $16 {Kasparov}) 20. d6 Nd7 (20... Nxd6 {ist nicht
ausreichend:} 21. Bxf6 gxf6 22. a5 (22. Qxf6 Ne4 {führt nur zum Ausgleich})
22... Qc6 (22... Qc7 23. Ra4 {mit entscheidendem Angriff:} f5 24. Qg3+ Kh8 25.
Qxe5+ f6 26. Qxd6 $18) 23. Bd5 Qc7 (23... Qc2 24. Qxf6 Qg6 25. Qxe5 Rfe8 26.
Qf4 {Es droht Ta1-a3; Weiß hat entscheidenden Stellungsvorteil.}) (23... Qc5
24. Qxf6 e4 25. Rac1 {, und Weiß hat entscheidenden Druck.}) 24. Qxf6 ({Nach} 
24. Ra4 f5 25. Qg3+ Kh8 26. Qxe5+ f6 {kann Schwarz sich wehren.}) 24... Ne8 25.
Qg5+ Ng7 26. Rac1 Qxa5 27. Bxf7+ Kh8 28. Rxc8 Rxc8 29. Rd7 Qe1+ 30. Kh2 Qxf2
31. Rd8+ Rxd8 32. Qxd8+ Ne8 33. Qxe8+ Kg7 34. Bd5 {, und Weiß gewinnt.}) (20...
e4 21. Qg3 Nh5 22. Qh4 Qxb3 23. d7 {Weiß gewinnt größere Materialmengen.}) 21.
Qg4 Qxb3 22. Bh6 g6 23. Qxd7 1-0